Haqiqat-Al-Fiqh (Record no. 7280)

MARC details
000 -LEADER
fixed length control field 00598nam a2200241 a 4500
020 ## - INTERNATIONAL STANDARD BOOK NUMBER
ISBN
082 00 - DEWEY DECIMAL CLASSIFICATION NUMBER
Classification number 340.59
Author Cutter FAR
100 ## - MAIN ENTRY--AUTHOR NAME
Author name Faruqi, Anwarullah Khan
245 ## - TITLE STATEMENT
Title Haqiqat-Al-Fiqh
260 ## - PUBLICATION, DISTRIBUTION, ETC. (IMPRINT)
Place of publication Hyderabad
Name of publisher Majlis Ishaat-E-Uloom
Year of publication 1984
300 ## - PHYSICAL DESCRIPTION
Number of Pages 404p
500 ## - GENERAL NOTE
General note includes index and biblioraphy
505 2# - FORMATTED CONTENTS NOTE
Formatted contents note Ref, Bibliography, Err.
650 ## - SUBJECT ADDED ENTRY--TOPICAL TERM
Topical Term Islamic-Law
942 ## - ADDED ENTRY ELEMENTS (KOHA)
Koha item type Books
700 1# -
-- Faruqi, Anwarullah Khan
Holdings
Collection code Home library Current library Date acquired Cost, normal purchase price Full call number Accession Number Koha item type
  Henry Martyn Institute Library Henry Martyn Institute Library 08/01/2007 100.00 340.59 FAR 011297 Books
                   Copyright © 2026 | Henry Martyn Institute | Hyderabad | TS-500052 | INDIA | Implemented by hmi.edu.in
Hit-Count:

Powered by Koha